Lenguaje FORTH para micros /

Guardado en:
Autor Principal: Oakey, Steve.
Formato: Libro
Idioma:Spanish
English
Publicado: Madrid : Paraninfo, 1985.
Etiquetas: Agregar Etiqueta
Sin Etiquetas, Sea el primero en etiquetar este registro!
LEADER 00486nam a22001695a 4500
001 MAT.inmabb004877
008 080724s1985####sp############001#0#spa#d
005 20160608174624.0
245 1 0 |a Lenguaje FORTH para micros /  |c Steve Oakey. 
260 |a Madrid :  |b Paraninfo,  |c 1985. 
300 |a 176 p. ;  |c 22 cm. 
500 |a Traducción de: FORTH for micros. 
020 |a 8428314187 
100 1 |a Oakey, Steve. 
084 |a 68N15  |2 msc2000 
041 1 |a spa  |h eng 
859 |h 68  |i Oa11  |p A-5792  |b BIB. MATEMATICA